[Event "Stuttgarter Stadtmeisterschaft A-Turnie"]
[Site "Ditzingen"]
[Date "2009.05.21"]
[Round "1.54"]
[White "Meinecke, Klaus-Hinrich"]
[Black "Huhn, Stefan"]
[Result "0-1"]
[WhiteElo "1853"]
[BlackElo "2090"]
[PlyCount "56"]
[EventDate "2009.??.??"]

1. e4 c5 2. Nf3 Nc6 3. d4 cxd4 4. Nxd4 Nf6 5. Nc3 e5 6. Ndb5 d6 7. Bg5 a6 8.
Na3 b5 9. Nd5 Be7 10. Nxe7 Nxe7 11. Qd3 d5 12. Bxf6 gxf6 13. O-O-O Be6 14. Qf3
f5 15. Bd3 Qc8 16. Nxb5 axb5 17. Bxb5+ Bd7 18. Bxd7+ Qxd7 19. exd5 Rxa2 20. c4
O-O 21. Qg3+ Ng6 22. Qb3 Qa7 23. d6 Rb8 24. d7 Rxb3 25. d8=Q+ Kg7 26. Rd6 Ne7
27. Rd2 Raxb2 28. Rxb2 Qa1+ 0-1

[Event "Stuttgarter Stadtmeisterschaft A-Turnie"]
[Site "Ditzingen"]
[Date "2009.05.21"]
[Round "1.55"]
[White "Kerpe, Andreas"]
[Black "Pietzka, Martin"]
[Result "1-0"]
[WhiteElo "2084"]
[BlackElo "1846"]
[PlyCount "85"]
[EventDate "2009.??.??"]

1. e4 c6 2. d4 d5 3. Nd2 dxe4 4. Nxe4 Bf5 5. Nc5 Qc7 6. Bd3 Bxd3 7. Nxd3 e6 8.
Nf3 Nf6 9. O-O Be7 10. c4 O-O 11. Qe2 Nbd7 12. b3 Rfe8 13. Bb2 Rad8 14. Rfe1
Bd6 15. Bc3 h6 16. Qb2 a6 17. Rad1 Bf8 18. h3 b5 19. Qd2 Qa7 20. Nde5 Rc8 21.
Qf4 bxc4 22. bxc4 Bd6 23. Qd2 Nf8 24. Qc2 c5 25. Qa4 Qa8 26. dxc5 Bxc5 27. Nd3
Ne4 28. Rxe4 Qxe4 29. Nxc5 Qc6 30. Qxc6 Rxc6 31. Ne4 Ng6 32. c5 Nf4 33. Be5 Nd5
34. Bd6 Rd8 35. Ne5 Rcc8 36. Rb1 f5 37. Nd2 Nc3 38. Rb6 Nb5 39. Rxa6 Nxd6 40.
Rxd6 Rxd6 41. cxd6 Rd8 42. Ndc4 Kf8 43. d7 1-0

[Event "Stuttgarter Stadtmeisterschaft A-Turnie"]
[Site "Ditzingen"]
[Date "2009.05.21"]
[Round "1.56"]
[White "Viehoff, Jürgen"]
[Black "Jüttner, Andreas"]
[Result "1-0"]
[WhiteElo "1835"]
[BlackElo "2083"]
[PlyCount "95"]
[EventDate "2009.??.??"]

1. d4 d5 2. Nf3 Nf6 3. e3 c6 4. Bd3 Bg4 5. O-O Nbd7 6. h3 Bh5 7. Nbd2 Qc7 8. c4
e6 9. Qb3 Be7 10. Re1 O-O 11. Bc2 Rfe8 12. e4 dxe4 13. Nxe4 Nxe4 14. Rxe4 Bf6
15. Bf4 Qb6 16. Ne5 Rad8 17. Rae1 Nf8 18. Qxb6 axb6 19. g4 Bg6 20. Nxg6 Nxg6
21. Bc7 Rxd4 22. Bxb6 Rxe4 23. Bxe4 Bxb2 24. Rb1 Be5 25. Bc5 Nf4 26. Rxb7 Rd8
27. Rb1 Nxh3+ 28. Kg2 Nf4+ 29. Kf3 g5 30. Be7 Ra8 31. Bxg5 Nh3 32. Be3 Ra3 33.
Bxc6 Ng5+ 34. Kg2 Rxa2 35. Bxg5 Bd4 36. Bh6 f5 37. Rb8+ Kf7 38. Be8+ Ke7 39.
Bg5+ Kd6 40. Rd8+ Ke5 41. Bf6+ Kxf6 42. Rxd4 fxg4 43. c5 Rc2 44. c6 Ke7 45. Bd7
e5 46. Rxg4 Kf6 47. Rh4 Kg6 48. Rxh7 1-0

[Event "Stuttgarter Stadtmeisterschaft A-Turnie"]
[Site "Ditzingen"]
[Date "2009.05.21"]
[Round "1.57"]
[White "Osmanovic, Faruk"]
[Black "Adler, Alexander"]
[Result "1-0"]
[WhiteElo "2081"]
[BlackElo "1765"]
[PlyCount "91"]
[EventDate "2009.??.??"]

1. e4 e5 2. Nf3 Nf6 3. Nxe5 d6 4. Nf3 Nxe4 5. Nc3 d5 6. Qe2 Be7 7. Nxe4 dxe4 8.
Qxe4 O-O 9. Bd3 g6 10. O-O Nc6 11. Qa4 Nb4 12. Ne1 Bd7 13. Qb3 b5 14. Be4 Be6
15. Qf3 Rb8 16. a3 Nd5 17. d4 Nf6 18. c3 Nxe4 19. Qxe4 Bc4 20. Nd3 Bd6 21. Bd2
Re8 22. Qf3 Qh4 23. g3 Qh3 24. Rfe1 c6 25. Nf4 Bxf4 26. Qxf4 Bd5 27. f3 Qf5 28.
Qxf5 gxf5 29. Kf2 Re6 30. Re5 Rxe5 31. dxe5 Kf8 32. Bg5 Ke8 33. Ke3 Kd7 34. Rd1
Ke6 35. Rd4 Rg8 36. Bf6 Rg6 37. Rh4 h6 38. b4 Kd7 39. Rh5 Ke6 40. Kf4 a6 41. h3
Bc4 42. g4 fxg4 43. hxg4 Be2 44. Rh2 Bc4 45. a4 bxa4 46. Rd2 1-0

[Event "Stuttgarter Stadtmeisterschaft A-Turnie"]
[Site "Ditzingen"]
[Date "2009.05.21"]
[Round "1.58"]
[White "Schembera, Jörg"]
[Black "Turski, Tomasz"]
[Result "0-1"]
[WhiteElo "1828"]
[BlackElo "2077"]
[PlyCount "64"]
[EventDate "2009.??.??"]

1. d4 Nf6 2. c4 g6 3. Nc3 Bg7 4. e4 d6 5. f3 O-O 6. Be3 Nc6 7. Bd3 e5 8. d5 Ne7
9. Nge2 Ne8 10. Qd2 f5 11. Bh6 Nf6 12. Bxg7 Kxg7 13. O-O-O fxe4 14. Nxe4 Nxe4
15. Bxe4 Nf5 16. h4 Bd7 17. Rh2 Rf7 18. Rdh1 h6 19. g4 Ne7 20. f4 exf4 21. Nxf4
Qf8 22. Qd4+ Kg8 23. Nxg6 Nxg6 24. Bxg6 Rf4 25. Qd3 Rxg4 26. Rf1 Qg7 27. Bf7+
Kh8 28. Re2 Rf8 29. Re7 Rg2 30. Qc3 Qxc3+ 31. bxc3 Bc8 32. Rf6 Kg7 0-1

[Event "Stuttgarter Stadtmeisterschaft A-Turnie"]
[Site "Ditzingen"]
[Date "2009.05.21"]
[Round "1.59"]
[White "Büter, Norbert"]
[Black "Cummings, Nicolai"]
[Result "0-1"]
[WhiteElo "2074"]
[BlackElo "1819"]
[PlyCount "88"]
[EventDate "2009.??.??"]

1. d4 d5 2. c4 dxc4 3. Nc3 a6 4. a4 Nc6 5. e3 Na5 6. Nf3 c6 7. Ne5 Be6 8. f4
Nf6 9. g4 Bd5 10. Rg1 Nb3 11. Rb1 b5 12. Bg2 Bxg2 13. Rxg2 Rc8 14. Qf3 Qd6 15.
g5 Nd5 16. f5 Nxc3 17. bxc3 Nxc1 18. Rxc1 Qd5 19. Qg4 e6 20. e4 exf5 21. exf5
Rc7 22. Re2 Kd8 23. g6 hxg6 24. fxg6 fxg6 25. Nxg6 Ba3 26. Rd1 Rh6 27. Kd2 Bd6
28. Rde1 Rf7 29. Re8+ Kc7 30. Qc8+ Kb6 31. Ne5 Rxh2+ 32. Kc1 Bxe5 33. R8xe5 Qd7
34. Qb8+ Qb7 35. Qd8+ Qc7 36. Qe8 Rff2 37. axb5 axb5 38. Qa8 Rc2+ 39. Kb1 Qa7
40. Qd8+ Qc7 41. Qf8 Rb2+ 42. Kc1 Rbc2+ 43. Kb1 Rxc3 44. Re7 Ra3 0-1

[Event "Stuttgarter Stadtmeisterschaft A-Turnie"]
[Site "Ditzingen"]
[Date "2009.05.21"]
[Round "1.60"]
[White "Schömbs, Oliver"]
[Black "Heining, Thomas"]
[Result "1/2-1/2"]
[WhiteElo "1808"]
[BlackElo "2074"]
[PlyCount "66"]
[EventDate "2009.??.??"]

1. d4 Nf6 2. c4 g6 3. Nc3 Bg7 4. e4 d6 5. f3 O-O 6. Be3 c5 7. Nge2 Qa5 8. Qd2
Nc6 9. O-O-O a6 10. Bh6 Bxh6 11. Qxh6 cxd4 12. Nxd4 Nxd4 13. Rxd4 Be6 14. Qd2
b5 15. Nd5 Qxd2+ 16. Kxd2 Nxd5 17. exd5 Bd7 18. cxb5 axb5 19. a3 Rfc8 20. Bd3
Rc5 21. Rc1 Rac8 22. Rxc5 Rxc5 23. g4 h6 24. Be2 g5 25. b4 Rc7 26. Rd3 Kg7 27.
Rc3 Ra7 28. Ke3 Kf6 29. f4 Rb7 30. Ke4 Kg6 31. f5+ Kf6 32. Rh3 Ra7 33. Bd1 Rb7
1/2-1/2

[Event "Stuttgarter Stadtmeisterschaft A-Turnie"]
[Site "Ditzingen"]
[Date "2009.05.21"]
[Round "1.61"]
[White "Wettengel, Alexander"]
[Black "Stegmaier, Michael"]
[Result "1-0"]
[WhiteElo "2074"]
[BlackElo "1802"]
[PlyCount "25"]
[EventDate "2009.??.??"]

1. e4 c5 2. Nf3 d6 3. Bb5+ Bd7 4. Bxd7+ Qxd7 5. O-O Nc6 6. c3 Nf6 7. d4 cxd4 8.
cxd4 Nxe4 9. d5 Ne5 10. Re1 Nxf3+ 11. Qxf3 Nf6 12. Nc3 g6 13. Qxf6 1-0

[Event "Stuttgarter Stadtmeisterschaft A-Turnie"]
[Site "Ditzingen"]
[Date "2009.05.21"]
[Round "1.62"]
[White "Rempeli, Alex"]
[Black "Körber, Thomas"]
[Result "1-0"]
[WhiteElo "1764"]
[BlackElo "2070"]
[PlyCount "59"]
[EventDate "2009.??.??"]

1. d4 f5 2. c4 Nf6 3. Nf3 g6 4. h4 Bg7 5. h5 Nxh5 6. Rxh5 gxh5 7. e4 d6 8. Bd3
e6 9. Ng5 Qf6 10. Nc3 c6 11. Qxh5+ Qg6 12. Qh2 e5 13. dxe5 Bxe5 14. f4 Bf6 15.
Bd2 Na6 16. O-O-O Bd7 17. Be2 O-O-O 18. Bh5 Qg7 19. Nf7 fxe4 20. Nxd6+ Kb8 21.
Nf7 Nc5 22. Nxd8 Rxd8 23. g4 Nd3+ 24. Kb1 e3 25. Bxe3 Nxb2 26. f5+ Kc8 27. Kxb2
Bxc3+ 28. Kb3 c5 29. Rd5 Bb4 30. Qe5 1-0

[Event "Stuttgarter Stadtmeisterschaft A-Turnie"]
[Site "Ditzingen"]
[Date "2009.05.21"]
[Round "1.63"]
[White "Bogenschütze, Paul jr"]
[Black "Günthner, Arthur"]
[Result "1/2-1/2"]
[WhiteElo "2067"]
[BlackElo "1771"]
[PlyCount "86"]
[EventDate "2009.??.??"]

1. d4 Nf6 2. c4 g6 3. d5 Bg7 4. Nc3 d6 5. e4 O-O 6. Bd3 a5 7. Nge2 Nbd7 8. O-O
Nc5 9. Bc2 Nfd7 10. Be3 Ne5 11. b3 Ng4 12. Bc1 Nf6 13. Rb1 e5 14. a3 Nh5 15. b4
axb4 16. axb4 Nd7 17. Be3 Ndf6 18. f3 Ne8 19. g4 Nf4 20. Nxf4 exf4 21. Bd4 h5
22. Bxg7 Nxg7 23. Qd2 hxg4 24. fxg4 Bxg4 25. Qxf4 Bh3 26. Rf3 Nh5 27. Qe3 Bg4
28. Rf2 Qe7 29. Nb5 Qd7 30. e5 Rae8 31. e6 fxe6 32. Bxg6 Rxf2 33. Bxe8 Qh7 34.
Bxh5 Qxb1+ 35. Kxf2 Qf5+ 36. Kg2 Qxh5 37. dxe6 Qg6 38. e7 Bd7+ 39. Kf2 Qf5+ 40.
Ke1 Qb1+ 41. Kd2 Qb2+ 42. Ke1 Qb1+ 43. Ke2 Qc2+ 1/2-1/2

[Event "Stuttgarter Stadtmeisterschaft A-Turnie"]
[Site "Ditzingen"]
[Date "2009.05.21"]
[Round "2.1"]
[White "Baumstark, Thomas"]
[Black "Svetushkin, Dmitry"]
[Result "0-1"]
[WhiteElo "2163"]
[BlackElo "2615"]
[PlyCount "52"]
[EventDate "2009.??.??"]

1. Nf3 d5 2. d4 Nf6 3. c4 c6 4. Nc3 dxc4 5. a4 Bf5 6. Ne5 Nbd7 7. Nxc4 Nb6 8.
Ne5 a5 9. g3 Nfd7 10. Nd3 e5 11. Nxe5 Nxe5 12. dxe5 Qxd1+ 13. Nxd1 Bb4+ 14. Nc3
Bc2 15. Bd2 Nc4 16. Rc1 Bxa4 17. e4 Nxd2 18. Kxd2 Bb3 19. Bd3 O-O-O 20. Ke2 Kb8
21. f4 a4 22. Nd1 Rd4 23. Nf2 c5 24. g4 c4 25. Bb1 Rd2+ 26. Kf3 Rxb2 0-1

[Event "Stuttgarter Stadtmeisterschaft A-Turnie"]
[Site "Ditzingen"]
[Date "2009.05.21"]
[Round "2.2"]
[White "Ovsejevitsch, Sergei"]
[Black "Jovalekic, Oliver"]
[Result "1-0"]
[WhiteElo "2580"]
[BlackElo "2175"]
[PlyCount "97"]
[EventDate "2009.??.??"]

1. d4 Nf6 2. c4 e6 3. Nc3 c5 4. d5 exd5 5. cxd5 d6 6. Nf3 g6 7. Nd2 a6 8. a4
Nbd7 9. e4 Bg7 10. Be2 O-O 11. O-O Qc7 12. Qc2 Rb8 13. Nc4 Nb6 14. Na3 Bd7 15.
Bf4 Nc8 16. Rfe1 h6 17. Bg3 Bg4 18. e5 Bf5 19. exf6 Bxc2 20. fxg7 Kxg7 21. Nxc2
Ne7 22. Ne3 f5 23. f4 Ng8 24. Nc4 Rfe8 25. a5 Re7 26. Bh4 Nf6 27. Bf3 Rbe8 28.
Rf1 Rf7 29. h3 Nh7 30. Rae1 Rxe1 31. Rxe1 g5 32. Bg3 Re7 33. Rf1 Qd8 34. fxg5
Nxg5 35. Bh5 Ne4 36. Nxe4 Rxe4 37. Nxd6 Qg5 38. Nxe4 fxe4 39. Bg4 h5 40. Bf4
Qxd5 41. Rd1 Qb3 42. Be5+ Kg6 43. Rd6+ Kg5 44. Be6 Qe3+ 45. Kh2 c4 46. h4+ Kg6
47. Rd7 Qf2 48. Rg7+ Kh6 49. Rg3 1-0

[Event "Stuttgarter Stadtmeisterschaft A-Turnie"]
[Site "Ditzingen"]
[Date "2009.05.21"]
[Round "2.3"]
[White "Daubenfeld, Gilles"]
[Black "Luther, Thomas"]
[Result "0-1"]
[WhiteElo "2151"]
[BlackElo "2537"]
[PlyCount "44"]
[EventDate "2009.??.??"]

1. e4 e6 2. d4 d5 3. Nc3 Nf6 4. Bg5 Bb4 5. e5 h6 6. Be3 Nfd7 7. Qg4 g6 8. a3
Be7 9. Bd3 c5 10. Nxd5 exd5 11. e6 Nf8 12. exf7+ Kxf7 13. Qf4+ Kg8 14. dxc5 Bg5
15. Qg3 Bh4 16. Qf4 Qf6 17. c4 Qxf4 18. Bxf4 dxc4 19. Bxc4+ Be6 20. Be2 Nbd7
21. b4 Bf6 22. O-O-O a5 0-1

[Event "Stuttgarter Stadtmeisterschaft A-Turnie"]
[Site "Ditzingen"]
[Date "2009.05.21"]
[Round "2.4"]
[White "Gutman, Lev"]
[Black "Kunze, Holger"]
[Result "1-0"]
[WhiteElo "2494"]
[BlackElo "2174"]
[PlyCount "67"]
[EventDate "2009.??.??"]

1. Nf3 Nf6 2. g3 d5 3. Bg2 Bf5 4. O-O e6 5. c4 c6 6. Qb3 Qb6 7. d3 Nbd7 8. Be3
Bc5 9. Bxc5 Nxc5 10. Qc2 h6 11. Nbd2 O-O 12. a3 a5 13. b3 Ra7 14. Rab1 Rfa8 15.
Qc3 Bh7 16. Rfe1 Ncd7 17. h3 Nh5 18. e3 Nhf6 19. Rbc1 Rd8 20. cxd5 exd5 21. e4
Nf8 22. h4 Raa8 23. Bh3 dxe4 24. dxe4 Qc7 25. e5 Nd5 26. Qb2 Nb6 27. Ne4 Bxe4
28. Rxe4 Re8 29. Rce1 Nd5 30. Nd4 Ne6 31. Nf5 Nc5 32. Rg4 Nd3 33. Qd2 Rxe5 34.
Rxe5 1-0

[Event "Stuttgarter Stadtmeisterschaft A-Turnie"]
[Site "Ditzingen"]
[Date "2009.05.21"]
[Round "2.5"]
[White "Gabriel, Josef"]
[Black "Strohhäker, Raoul"]
[Result "0-1"]
[WhiteElo "2121"]
[BlackElo "2449"]
[PlyCount "62"]
[EventDate "2009.??.??"]

1. c4 c5 2. Nc3 e6 3. g3 d5 4. cxd5 exd5 5. d4 Nc6 6. Nf3 Nf6 7. Bg2 Be7 8. O-O
O-O 9. dxc5 Bxc5 10. Nb5 d4 11. Bg5 a6 12. Rc1 Bb6 13. Na3 h6 14. Bf4 Nd5 15.
Bd2 Re8 16. Nc4 Ba7 17. b3 Bf5 18. Nb2 Qf6 19. Nd3 Rad8 20. Re1 Nc3 21. Bxc3
dxc3 22. a3 g5 23. Rc2 g4 24. Nh4 Bxf2+ 25. Kh1 Rxd3 26. Qc1 Bxe1 27. Qxe1 Rd2
28. Rc1 Rexe2 29. Qf1 Rf2 30. Qc4 Be6 31. Qe4 c2 0-1

[Event "Stuttgarter Stadtmeisterschaft A-Turnie"]
[Site "Ditzingen"]
[Date "2009.05.21"]
[Round "2.6"]
[White "Gschnitzer, Oswald"]
[Black "Nabavi, Parwis"]
[Result "1/2-1/2"]
[WhiteElo "2429"]
[BlackElo "2126"]
[PlyCount "66"]
[EventDate "2009.??.??"]

1. Nf3 d5 2. d4 e6 3. c4 Nf6 4. Nc3 Be7 5. Bg5 h6 6. Bxf6 Bxf6 7. e3 O-O 8. Rc1
c6 9. Bd3 Nd7 10. cxd5 exd5 11. b4 a6 12. a4 b5 13. a5 Be7 14. Qb3 Bd6 15. O-O
Qe7 16. Na2 Bb7 17. Rb1 Nf6 18. Nc1 Bc8 19. h3 Ne4 20. Bc2 Bf5 21. Nd3 Ng5 22.
Nfe5 Rfc8 23. f4 Ne4 24. Rbd1 f6 25. Ng4 h5 26. Ngf2 g6 27. Nc5 Bxc5 28. dxc5
Nxf2 29. Kxf2 Qe6 30. Rg1 Bxc2 31. Qxc2 f5 32. Qc3 Kf7 33. g3 Qf6 1/2-1/2

[Event "Stuttgarter Stadtmeisterschaft A-Turnie"]
[Site "Ditzingen"]
[Date "2009.05.21"]
[Round "2.7"]
[White "Imhof, Thomas"]
[Black "Eisenbeiser, Amadeus"]
[Result "1/2-1/2"]
[WhiteElo "2120"]
[BlackElo "2406"]
[PlyCount "64"]
[EventDate "2009.??.??"]

1. e4 c5 2. Nf3 e6 3. d4 cxd4 4. Nxd4 a6 5. Bd3 Nf6 6. O-O Qc7 7. c4 Nc6 8. Be3
Ne5 9. h3 Bc5 10. Qe2 Qd6 11. f4 Bxd4 12. fxe5 Bxe3+ 13. Qxe3 Qxe5 14. c5 b6
15. cxb6 d5 16. Qc5 Bb7 17. Nc3 Rc8 18. Qb4 dxe4 19. Bxa6 Bxa6 20. Qa4+ Nd7 21.
Qxa6 O-O 22. Rfd1 Nf6 23. a4 Nh5 24. a5 Qc5+ 25. Kh1 Ng3+ 26. Kh2 Qe5 27. b7
Nf5+ 28. Kg1 Rb8 29. Qc6 e3 30. a6 Nd4 31. Qc4 Nf3+ 32. gxf3 Qg3+ 1/2-1/2

[Event "Stuttgarter Stadtmeisterschaft A-Turnie"]
[Site "Ditzingen"]
[Date "2009.05.21"]
[Round "2.8"]
[White "Reich, Thomas"]
[Black "Nagelsdiek, Michael"]
[Result "1-0"]
[WhiteElo "2393"]
[BlackElo "2120"]
[PlyCount "31"]
[EventDate "2009.??.??"]

1. d4 Nf6 2. c4 e6 3. Nf3 d5 4. Nc3 c6 5. e3 Nbd7 6. Qc2 Bd6 7. Be2 O-O 8. O-O
a6 9. e4 dxe4 10. Nxe4 Nxe4 11. Qxe4 Nf6 12. Qh4 Be7 13. Bd3 h6 14. Bxh6 gxh6
15. Qxh6 Re8 16. Ng5 1-0

[Event "Stuttgarter Stadtmeisterschaft A-Turnie"]
[Site "Ditzingen"]
[Date "2009.05.21"]
[Round "2.9"]
[White "Scheeff, Volker"]
[Black "Lubbe, Nikolas"]
[Result "1-0"]
[WhiteElo "2111"]
[BlackElo "2369"]
[PlyCount "49"]
[EventDate "2009.??.??"]

1. e4 d5 2. exd5 Qxd5 3. Nc3 Qa5 4. d4 Nf6 5. Nf3 Bg4 6. h3 Bh5 7. g4 Bg6 8.
Ne5 c6 9. Bg2 Nbd7 10. Nc4 Qc7 11. Qf3 Nb6 12. Bf4 Qd8 13. Na5 Nbd5 14. Nxb7
Qb6 15. Nxd5 Nxd5 16. Nc5 Qxb2 17. O-O Qxd4 18. c4 Qxc4 19. Rac1 Qxf4 20. Qxf4
Nxf4 21. Bxc6+ Kd8 22. Rfd1+ Kc7 23. Bf3 Rc8 24. Nd7+ Kd8 25. Nb6+ 1-0

[Event "Stuttgarter Stadtmeisterschaft A-Turnie"]
[Site "Ditzingen"]
[Date "2009.05.21"]
[Round "2.10"]
[White "Reinhardt, Bernd"]
[Black "Braun, Joachim"]
[Result "1-0"]
[WhiteElo "2344"]
[BlackElo "2114"]
[PlyCount "95"]
[EventDate "2009.??.??"]

1. d4 d5 2. Nf3 c6 3. c3 e6 4. Bf4 f5 5. e3 Nf6 6. Nbd2 Be7 7. h3 Ne4 8. g4 O-O
9. gxf5 exf5 10. Rg1 Be6 11. Ne5 Nxd2 12. Qxd2 Nd7 13. Bh6 Bf6 14. Nxd7 Qxd7
15. Bd3 Kh8 16. Bf4 b6 17. Qe2 Qf7 18. Qf3 c5 19. O-O-O a5 20. Bd6 Be7 21. dxc5
bxc5 22. Qf4 a4 23. a3 Bxd6 24. Qxd6 c4 25. Bb1 Rab8 26. Rd2 Qf6 27. Rd4 Rfd8
28. Qf4 Rb7 29. f3 Rdb8 30. Rg2 g6 31. e4 dxe4 32. fxe4 Rb5 33. exf5 gxf5 34.
Ba2 Re5 35. Bxc4 Bxc4 36. Rxc4 Re1+ 37. Kc2 Rd8 38. Rxa4 Qe6 39. Rd4 Re8 40.
Rdd2 Re4 41. Qg5 Qe5 42. Kb1 Re1+ 43. Ka2 Qe6+ 44. b3 Qe5 45. Rd7 Re2+ 46. Rxe2
Qxe2+ 47. Rd2 Qe5 48. Kb2 1-0

[Event "Stuttgarter Stadtmeisterschaft A-Turnie"]
[Site "Ditzingen"]
[Date "2009.05.21"]
[Round "2.11"]
[White "König, Dirk"]
[Black "Strunski, Andreas"]
[Result "0-1"]
[WhiteElo "2108"]
[BlackElo "2329"]
[PlyCount "64"]
[EventDate "2009.??.??"]

1. f4 Nf6 2. Nc3 g6 3. Nf3 d5 4. e3 Bg7 5. d3 O-O 6. Bd2 c5 7. h3 Nc6 8. g4 d4
9. exd4 cxd4 10. Ne4 Nd5 11. a3 f5 12. Neg5 h6 13. Nh4 hxg5 14. Nxg6 Rf6 15.
Ne5 gxf4 16. Nxc6 Rxc6 17. Bg2 Re6+ 18. Kf2 Ne3 19. Qf3 Rg6 20. Rag1 e5 21.
gxf5 Qh4+ 22. Ke2 Rg3 23. Be1 Nxf5 24. Qd5+ Kh8 25. Be4 Qe7 26. Bxf5 Rxg1 27.
Bb4 Qc7 28. Rxg1 Qxc2+ 29. Bd2 Bxf5 30. Rxg7 f3+ 31. Ke1 f2+ 32. Ke2 Bxd3+ 0-1

[Event "Stuttgarter Stadtmeisterschaft A-Turnie"]
[Site "Ditzingen"]
[Date "2009.05.21"]
[Round "2.12"]
[White "Chetverik, Maxim"]
[Black "Scherer, Holger"]
[Result "1-0"]
[WhiteElo "2323"]
[BlackElo "2095"]
[PlyCount "39"]
[EventDate "2009.??.??"]

1. d4 Nf6 2. c4 g6 3. Nf3 Bg7 4. g3 O-O 5. Bg2 d6 6. O-O Nbd7 7. Nc3 e5 8. h3
c6 9. Qb3 Re8 10. Be3 Nf8 11. dxe5 dxe5 12. Rfd1 Qa5 13. a3 e4 14. Ng5 Bh6 15.
c5 Bxg5 16. Bxg5 N8d7 17. Qc4 e3 18. fxe3 Nh5 19. g4 Ng7 20. Ne4 1-0

[Event "Stuttgarter Stadtmeisterschaft A-Turnie"]
[Site "Ditzingen"]
[Date "2009.05.21"]
[Round "2.13"]
[White "Pflaum, Stefan"]
[Black "Weber, Tom"]
[Result "0-1"]
[WhiteElo "2096"]
[BlackElo "2315"]
[PlyCount "104"]
[EventDate "2009.??.??"]

1. c4 Nf6 2. Nc3 g6 3. e4 c5 4. Nge2 Bg7 5. g3 Nc6 6. Bg2 d6 7. O-O Nd7 8. d3
Nf8 9. Be3 Ne6 10. Qd2 h5 11. h4 Ned4 12. Bg5 a6 13. Nd5 Ne6 14. Be3 b5 15.
Rab1 bxc4 16. dxc4 a5 17. b3 Rb8 18. Nec3 Ned4 19. Bg5 Be6 20. Nf4 Bd7 21. Nd3
Qc8 22. Rbe1 Ne5 23. f3 e6 24. Be3 a4 25. Nxe5 dxe5 26. bxa4 Qa6 27. Nb5 Qxa4
28. Rb1 O-O 29. Bxd4 cxd4 30. Rb4 Qa5 31. Qb2 Rfc8 32. Rc1 Bh6 33. Rb1 Bf8 34.
Rb3 Rxc4 35. Bf1 Ra4 36. a3 Rc8 37. Rc1 Qa8 38. Nc7 Qa5 39. Nb5 Qd8 40. Bd3
Rca8 41. Ra1 R4a5 42. Kg2 Rc8 43. Rc1 Raa8 44. Rc4 Qa5 45. Rxc8 Rxc8 46. Kf2
Kh7 47. Ke2 Be8 48. Qd2 Qa4 49. Qb2 Rc6 50. Ke1 Bh6 51. Ke2 Rc1 52. f4 exf4 0-1

[Event "Stuttgarter Stadtmeisterschaft A-Turnie"]
[Site "Ditzingen"]
[Date "2009.05.21"]
[Round "2.14"]
[White "Schuh, Dirk"]
[Black "Kerpe, Andreas"]
[Result "1-0"]
[WhiteElo "2313"]
[BlackElo "2084"]
[PlyCount "61"]
[EventDate "2009.??.??"]

1. e4 e5 2. Nc3 Nc6 3. g3 g6 4. Bg2 Bg7 5. Nge2 d6 6. O-O Nge7 7. Nd5 Nxd5 8.
exd5 Ne7 9. a4 O-O 10. a5 a6 11. d4 exd4 12. Nxd4 Nf5 13. Nxf5 Bxf5 14. c3 Qd7
15. Be3 Rfe8 16. Ra4 h5 17. Rb4 Rab8 18. Qb3 Qc8 19. Rc1 Bd7 20. Rd1 Bf8 21.
Rd2 Bh3 22. Bxh3 Qxh3 23. Rd1 Qc8 24. Ba7 Ra8 25. Rxb7 Bh6 26. c4 Qf5 27. Rxc7
Re2 28. Qd3 Qe5 29. Bd4 Qe8 30. Qf3 Re7 31. Qf6 1-0

[Event "Stuttgarter Stadtmeisterschaft A-Turnie"]
[Site "Ditzingen"]
[Date "2009.05.21"]
[Round "2.15"]
[White "Gheng, Josef"]
[Black "Osmanovic, Faruk"]
[Result "1-0"]
[WhiteElo "2310"]
[BlackElo "2081"]
[PlyCount "157"]
[EventDate "2009.??.??"]

1. e4 c5 2. Nf3 d6 3. d4 cxd4 4. Nxd4 Nf6 5. Nc3 a6 6. Bd3 Nbd7 7. O-O g6 8. a4
Bg7 9. a5 O-O 10. Nb3 Ne5 11. Na4 Nxd3 12. cxd3 Be6 13. Nb6 Bxb3 14. Qxb3 Rb8
15. Bg5 h6 16. Bxf6 Bxf6 17. Ra4 e6 18. Rc4 d5 19. exd5 exd5 20. Rc5 Qe7 21.
Rxd5 Rbd8 22. Rxd8 Rxd8 23. Nd5 Qe6 24. Nxf6+ Qxf6 25. Rd1 Qc6 26. d4 Rd5 27.
Qb4 Rg5 28. g3 Qc2 29. Qe1 Qc6 30. Qd2 Rd5 31. Qxh6 Rxa5 32. Rc1 Qd7 33. Qf4
Rf5 34. Qg4 Rd5 35. Qxd7 Rxd7 36. Rd1 Rd5 37. Kf1 Kf8 38. Ke2 Ke7 39. Kd3 Kd6
40. h4 Rb5 41. Kc3 Rb6 42. g4 Rc6+ 43. Kd3 Rb6 44. Kc2 Kd5 45. Rd3 Rf6 46. Rh3
Rxf2+ 47. Kc3 Rf6 48. h5 Rc6+ 49. Kd3 Rb6 50. Rh2 gxh5 51. gxh5 Rh6 52. Ke3 Ke6
53. Ke4 f5+ 54. Kf4 Kf6 55. d5 Rh8 56. h6 Rh7 57. Re2 Rd7 58. Re6+ Kf7 59. Ke5
Rc7 60. Rb6 Rd7 61. h7 Kg7 62. Ke6 Rd8 63. Rxb7+ Kg6 64. d6 f4 65. Rb3 Re8+ 66.
Kd5 Kxh7 67. Rf3 Rf8 68. d7 Kg6 69. Rxf4 Rxf4 70. d8=Q Rf6 71. Ke5 Rf5+ 72. Ke6
Rg5 73. Qe8+ Kg7 74. Qf7+ Kh6 75. Kf6 Rg4 76. Qf8+ Kh7 77. Qe7+ Kh6 78. Qe3+
Kh5 79. Qh3+ 1-0

[Event "Stuttgarter Stadtmeisterschaft A-Turnie"]
[Site "Ditzingen"]
[Date "2009.05.21"]
[Round "2.16"]
[White "Huhn, Stefan"]
[Black "Hirneise, Jens"]
[Result "0-1"]
[WhiteElo "2090"]
[BlackElo "2308"]
[PlyCount "84"]
[EventDate "2009.??.??"]

1. d4 Nf6 2. Bg5 Ne4 3. Bf4 e6 4. e3 d5 5. Nd2 Nxd2 6. Qxd2 Bd6 7. Nf3 Nd7 8.
Bd3 Qe7 9. O-O O-O 10. e4 dxe4 11. Bxe4 Bxf4 12. Qxf4 Nf6 13. Bd3 b6 14. Qh4
Re8 15. Ng5 g6 16. Rae1 Bb7 17. Re3 Rad8 18. Rfe1 Nh5 19. Qg4 Qf6 20. Nxh7 Qxd4
21. Qxd4 Rxd4 22. Ng5 Kg7 23. Be4 Bxe4 24. Nxe4 e5 25. Kf1 f6 26. g3 g5 27. Ke2
Red8 28. Kf3 Kg6 29. Ra3 f5 30. Nc3 e4+ 31. Kg2 a5 32. Nb5 Rd2 33. Rc3 c5 34.
a4 Nf6 35. h3 Nd5 36. Rc4 e3 37. Nc3 Rxf2+ 38. Kg1 Rxc2 39. Re2 Rc1+ 40. Kg2 f4
41. h4 Nxc3 42. bxc3 Rd2 0-1

[Event "Stuttgarter Stadtmeisterschaft A-Turnie"]
[Site "Ditzingen"]
[Date "2009.05.21"]
[Round "2.17"]
[White "Turski, Tomasz"]
[Black "Wagner, Florian"]
[Result "0-1"]
[WhiteElo "2077"]
[BlackElo "2302"]
[PlyCount "52"]
[EventDate "2009.??.??"]

1. d4 Nf6 2. c4 c5 3. Nf3 cxd4 4. Nxd4 e5 5. Nb5 d5 6. cxd5 Bc5 7. e3 O-O 8.
Be2 a6 9. N5c3 e4 10. Nd2 Qe7 11. Qc2 Bf5 12. Nb3 Bd6 13. Bd2 Nbd7 14. Nd4 Bg6
15. h4 h5 16. Rc1 Ne5 17. a3 Rfe8 18. b4 Rad8 19. Qb3 Nfg4 20. f3 exf3 21. gxf3
Nxe3 22. Ne4 Nxf3+ 23. Bxf3 Bxe4 24. Bxe3 Bxf3 25. Nxf3 Bf4 26. Rc2 Qe4 0-1

[Event "Stuttgarter Stadtmeisterschaft A-Turnie"]
[Site "Ditzingen"]
[Date "2009.05.21"]
[Round "2.18"]
[White "Kabisch, Thilo"]
[Black "Wettengel, Alexander"]
[Result "0-1"]
[WhiteElo "2297"]
[BlackElo "2074"]
[PlyCount "162"]
[EventDate "2009.??.??"]

1. e4 e6 2. d4 d5 3. e5 c5 4. c3 Qb6 5. Nf3 Nc6 6. Be2 Nh6 7. dxc5 Bxc5 8. O-O
Ng4 9. b4 Bxf2+ 10. Kh1 Be3 11. Nbd2 Bh6 12. b5 Ne7 13. Qa4 Nf2+ 14. Rxf2 Qxf2
15. Bd3 Bd7 16. Qb4 Nc8 17. a4 b6 18. Ra2 Qc5 19. Qb3 Qc7 20. Ba3 Be3 21. c4
Bc5 22. Bb2 Ne7 23. Ra1 Bc8 24. cxd5 exd5 25. e6 f6 26. Nd4 Bxd4 27. Bxd4 Bxe6
28. Re1 Qd7 29. Qc2 Rc8 30. Qb1 Kf7 31. Rf1 Kg8 32. a5 Ng6 33. axb6 axb6 34.
Qb2 Ne5 35. Bxe5 fxe5 36. Qxe5 Bf7 37. Qd4 Qc7 38. Bf5 Qc5 39. Qf4 Rf8 40. Bd7
Qe7 41. Bg4 h5 42. Bf3 Be6 43. Qe3 Qd6 44. Rc1 d4 45. Qg5 Qf4 46. Qxf4 Rxf4 47.
Rc6 Bg4 48. Bd5+ Kh7 49. h3 Rd8 50. Be4+ Bf5 51. Bf3 Rb8 52. Kg1 Bd3 53. Rd6
Bxb5 54. g3 Rf6 55. Rxd4 g6 56. Ne4 Rff8 57. Ng5+ Kh6 58. h4 Rf6 59. Bg2 Re8
60. Be4 Re7 61. Rb4 Be8 62. Rb2 Ra7 63. Bd5 Ra1+ 64. Kg2 Bc6 65. Bxc6 Rxc6 66.
Rd2 Kg7 67. Ne4 Ra7 68. Kh3 b5 69. Rd5 Rb6 70. Nd6 b4 71. Nc8 Rab7 72. Nxb6
Rxb6 73. Kg2 b3 74. Rd1 Kf6 75. Kf3 b2 76. Rb1 Kf5 77. Kf2 Rb3 78. Kg2 Ke4 79.
Re1+ Kd3 80. Rf1 b1=Q 81. Rf2 Rb2 0-1